[Event "Leipzig VfB op 19th"]
[Site "Leipzig"]
[Date "2012.03.11"]
[Round "9"]
[White "Goettert, Stefan"]
[Black "Rudolph, Juergen"]
[Result "1-0"]
[WhiteElo "2043"]
[BlackElo "1820"]
[PlyCount "123"]
[EventDate "2012.03.06"]
[EventType "swiss"]
[EventRounds "9"]
[EventCountry "GER"]
[SourceTitle "CBM 147 Extra"]
[Source "ChessBase"]
[SourceDate "2012.04.24"]
[SourceVersion "1"]
[SourceVersionDate "2012.04.24"]
[SourceQuality "1"]

1. Nf3 b6 2. b3 Bb7 3. e3 c5 4. Bb2 Nf6 5. c4 g6 6. Be2 Bg7 7. 0-0 0-0 8. Qc2 Qc7 9. Nc3 d5 10. cxd5 Nxd5 11. Nxd5 Bxd5 12. Bxg7 Kxg7 13. d4 Nd7 14. e4 Bb7 15. g3 Rac8 16. Rac1 Qb8 17. d5 f6 18. Nh4 Ne5 19. f4 Nf7 20. Nf3 Rcd8 21. Qc3 Bc8 22. Nd2 e6 23. Bc4 exd5 24. Bxd5 Bb7 25. Bxb7 Qxb7 26. e5 Qe7 27. exf6+ Qxf6 28. Qxf6+ Kxf6 29. Nf3 Rd5 30. Rce1 Rfd8 31. g4 R8d7 32. Kg2 Rd3 33. Re8 Rc3 34. Rf2 Nd6 35. Re1 Re7 36. Rxe7 Kxe7 37. Ng5 h6 38. Re2+ Kf8 39. Nf3 Nb5 40. Ne5 Nd4 41. Rf2 Kg7 42. Nc4 b5 43. Nd6 a5 44. f5 a4 45. f6+ Kf8 46. bxa4 bxa4 47. h4 Rc2 48. Ne4 Rxf2+ 49. Kxf2 c4 50. Nc3 a3 51. Ke3 Ne6 52. Ke4 Kf7 53. Ke5 g5 54. h5 Nc5 55. Kf5 Nd3 56. Ne4 Nb4 57. Nd6+ Kf8 58. Nxc4 Nxa2 59. Kg6 Nc3 60. Nxa3 Nd5 61. Nc4 Nf4+ 62. Kxh6 1-0

[Event "Leipzig VfB op 19th"]
[Site "Leipzig"]
[Date "2012.03.08"]
[Round "5"]
[White "Goettert, Stefan"]
[Black "Schuster, Martin"]
[Result "0-1"]
[WhiteElo "2043"]
[BlackElo "2216"]
[PlyCount "142"]
[EventDate "2012.03.06"]
[EventType "swiss"]
[EventRounds "9"]
[EventCountry "GER"]
[SourceTitle "CBM 147 Extra"]
[Source "ChessBase"]
[SourceDate "2012.04.24"]
[SourceVersion "1"]
[SourceVersionDate "2012.04.24"]
[SourceQuality "1"]

1. Nf3 d5 2. b3 Nf6 3. Bb2 e6 4. e3 c5 5. Bb5+ Bd7 6. Qe2 Bxb5 7. Qxb5+ Qd7 8. Qxd7+ Nbxd7 9. d3 b5 10. a4 b4 11. Nbd2 Be7 12. 0-0 0-0 13. Rad1 Rac8 14. Rfe1 Rfd8 15. e4 Bf8 16. g3 Ne8 17. e5 Nb6 18. Nf1 g6 19. Bc1 Bg7 20. h4 h5 21. a5 Na8 22. Bd2 Rb8 23. Ra1 Nac7 24. Ra4 Na6 25. Bg5 Rdc8 26. N3d2 Nec7 27. f3 Nb5 28. Kf2 Nd4 29. Ra2 Nc7 30. Bf4 Ncb5 31. Ne3 Rc6 32. Nb1 Ra6 33. g4 hxg4 34. Nxg4 Rc8 35. Rg1 Kf8 36. Bg5 c4 37. dxc4 dxc4 38. bxc4 Rxc4 39. Nd2 Rxc2 40. Rxc2 Nxc2 41. Nb3 Nc3 42. Rh1 Rc6 43. h5 gxh5 44. Rxh5 Nd5 45. Bf6 Rc3 46. Nd2 Nd4 47. Rh3 Rc2 48. Ke1 b3 49. Nxb3 Nxb3 50. Rh7 Bxf6 51. exf6 Nxf6 52. Nxf6 Nxa5 53. Nd7+ Ke8 54. Nf6+ Ke7 55. Ng4 Nc6 56. Nh6 Nd8 57. Ng8+ Kf8 58. Nf6 a5 59. Rh4 Nc6 60. Ra4 Ke7 61. Ne4 f5 62. Nd2 Kd6 63. Kd1 Rc3 64. Ke2 Kc5 65. f4 Kb5 66. Ra1 Nd4+ 67. Kd1 a4 68. Rb1+ Nb3 69. Rb2 Rd3 70. Ke1 Rxd2 71. Rxb3+ axb3 0-1

[Event "GER-ch Seniors 23rd"]
[Site "Halle"]
[Date "2011.08.08"]
[Round "4"]
[White "Kelchner, Hans"]
[Black "Goettert, Stefan"]
[Result "1/2-1/2"]
[WhiteElo "2199"]
[BlackElo "2049"]
[PlyCount "84"]
[EventDate "2011.08.05"]
[EventType "swiss"]
[EventRounds "9"]
[EventCountry "GER"]
[SourceTitle "CBM 144 Extra"]
[Source "ChessBase"]
[SourceDate "2011.10.28"]
[SourceVersion "1"]
[SourceVersionDate "2011.10.28"]
[SourceQuality "1"]

1. c4 e6 2. Nc3 f5 3. d3 Nf6 4. e4 fxe4 5. dxe4 Bb4 6. Bd3 Nc6 7. Nf3 d6 8. Bg5 e5 9. h3 h6 10. Be3 0-0 11. Be2 Be6 12. Qc2 Bxc3+ 13. bxc3 Nd7 14. Rb1 b6 15. 0-0 Qe7 16. Qa4 Na5 17. Nd2 Qh4 18. Kh2 Rf7 19. f3 Raf8 20. Nb3 Nxb3 21. axb3 a5 22. b4 axb4 23. cxb4 Nf6 24. Qd1 Nh5 25. Qe1 Qxe1 26. Rfxe1 Nf4 27. Bf1 Ra8 28. Ra1 Rff8 29. c5 bxc5 30. bxc5 d5 31. exd5 Bxd5 32. Bd2 Rxa1 33. Rxa1 Ne6 34. Re1 Nd4 35. Bc3 Rf5 36. Re3 c6 37. Bd3 Rf8 38. Kg3 g5 39. Rxe5 Ne6 40. Bf5 Kf7 41. Re1 Rb8 42. Be5 Rb5 1/2-1/2

[Event "GER-ch Seniors 23rd"]
[Site "Halle"]
[Date "2011.08.05"]
[Round "1"]
[White "Goettert, Stefan"]
[Black "Miessner, Rolf"]
[Result "1-0"]
[WhiteElo "2049"]
[BlackElo "1782"]
[PlyCount "105"]
[EventDate "2011.08.05"]
[EventType "swiss"]
[EventRounds "9"]
[EventCountry "GER"]
[SourceTitle "CBM 144 Extra"]
[Source "ChessBase"]
[SourceDate "2011.10.28"]
[SourceVersion "1"]
[SourceVersionDate "2011.10.28"]
[SourceQuality "1"]

1. Nf3 d5 2. b3 e6 3. Bb2 Nf6 4. e3 Be7 5. Be2 b6 6. 0-0 Nbd7 7. d4 0-0 8. Nbd2 Bb7 9. c4 c5 10. Ne5 Nxe5 11. dxe5 Ne4 12. cxd5 Nxd2 13. Qxd2 Bxd5 14. Qc2 Qc7 15. Rad1 Qb7 16. f3 Rfd8 17. Bd3 g6 18. e4 Bc6 19. f4 Rxd3 20. Qxd3 Bxe4 21. Qd7 Qxd7 22. Rxd7 Kf8 23. Rd2 Rd8 24. Rxd8+ Bxd8 25. Rd1 Bd5 26. Kf2 h5 27. g3 b5 28. Kf1 Bb6 29. Bc3 a5 30. Be1 c4 31. b4 a4 32. a3 Kg7 33. Bf2 Bd8 34. h3 Kh7 35. g4 f5 36. gxh5 gxh5 37. Ke2 Be7 38. Rg1 Bd8 39. Kd2 Be7 40. Kc3 Bd8 41. Be3 Kh8 42. Bc5 Bh4 43. Kd2 Bd8 44. Ke3 Kh7 45. Ke2 Be4 46. Bf8 Bd5 47. Rg7+ Kh8 48. Rd7 Bh4 49. Bg7+ Kg8 50. Bf6 Bxf6 51. exf6 h4 52. Rg7+ Kh8 53. Rg5 1-0

[Event "Leipzig VfB op 18th"]
[Site "Leipzig"]
[Date "2011.03.22"]
[Round "1"]
[White "Stumbries, Lars"]
[Black "Goettert, Stefan"]
[Result "1-0"]
[WhiteElo "1683"]
[BlackElo "2038"]
[PlyCount "89"]
[EventDate "2011.03.20"]
[EventType "swiss"]
[EventRounds "9"]
[EventCountry "GER"]
[SourceTitle "CBM 141 Extra"]
[Source "ChessBase"]
[SourceDate "2011.05.03"]
[SourceVersion "1"]
[SourceVersionDate "2011.05.03"]
[SourceQuality "1"]

1. e4 e6 2. d4 d5 3. Nc3 Be7 4. Bd3 Nc6 5. Nf3 Nb4 6. Bb5+ c6 7. Be2 dxe4 8. Nxe4 Nf6 9. Nxf6+ Bxf6 10. 0-0 0-0 11. c4 c5 12. dxc5 Qe7 13. Qd6 Rd8 14. Qxe7 Bxe7 15. a3 Nc2 16. Ra2 Bf6 17. b4 Nd4 18. Nxd4 Bxd4 19. Rd1 Bf6 20. Rxd8+ Bxd8 21. Bf4 f6 22. Rd2 Be7 23. Bd6 Kf7 24. Bf3 Bxd6 25. cxd6 Ke8 26. Kf1 Rb8 27. c5 Bd7 28. Ke2 Bb5+ 29. Ke3 Kd7 30. Kd4 Bc6 31. Bxc6+ bxc6 32. Kc4 e5 33. a4 a6 34. Re2 g5 35. Rb2 h5 36. b5 cxb5+ 37. axb5 Ke6 38. Rb3 axb5+ 39. Rxb5 Ra8 40. Rb7 Ra4+ 41. Kb5 Ra8 42. Kc6 f5 43. Kc7 e4 44. d7 Ke7 45. c6 1-0

[Event "Leipzig VfB op 16th"]
[Site "Leipzig"]
[Date "2009.04.02"]
[Round "5"]
[White "Drusba, Wolfgang"]
[Black "Goettert, Stefan"]
[Result "0-1"]
[WhiteElo "1703"]
[BlackElo "2079"]
[PlyCount "142"]
[EventDate "2009.03.31"]
[EventType "swiss"]
[EventRounds "9"]
[EventCountry "GER"]
[SourceTitle "EXT 2010"]
[Source "ChessBase"]
[SourceDate "2010.11.25"]
[SourceVersion "1"]
[SourceVersionDate "2010.11.25"]
[SourceQuality "1"]

1. e4 e6 2. f4 d5 3. e5 c5 4. Nf3 Nc6 5. c3 Nh6 6. Be2 Qb6 7. d3 Bd7 8. 0-0 Be7 9. Qe1 0-0 10. h3 f6 11. Bd1 Kh8 12. Nbd2 c4+ 13. d4 fxe5 14. fxe5 Nf5 15. Bc2 Rae8 16. Kh2 Qd8 17. g4 Nh4 18. Qe2 Nxf3+ 19. Nxf3 Rf7 20. Be3 b5 21. Rf2 Ref8 22. Raf1 a5 23. Kg3 b4 24. h4 bxc3 25. bxc3 Na7 26. Bb1 Nb5 27. Qc2 g6 28. Bc1 a4 29. Bh6 Rxf3+ 30. Rxf3 Bxh4+ 31. Kh3 Rxf3+ 32. Rxf3 Na3 33. Qc1 Be7 34. Bc2 Nxc2 35. Qxc2 Kg8 36. Qd2 Bc6 37. Qf4 Qe8 38. g5 Bd7 39. Kg4 Bc6 40. Qc1 Qb8 41. Rf2 a3 42. Qf4 Qe8 43. Kh4 Ba4 44. Rf1 Bc2 45. Qg4 Bf5 46. Qd1 Qb5 47. Rf2 Kf7 48. Qf1 Qb2 49. Qe1 Bd8 50. Kg3 Ba5 51. Rxf5+ gxf5 52. g6+ hxg6 53. Bd2 Qc2 54. Qe3 Qd3 55. Kf3 Qxe3+ 56. Kxe3 Bd8 57. Be1 g5 58. Kf3 Kg6 59. Kg3 Kh5 60. Bd2 g4 61. Bc1 Be7 62. Kg2 Kh4 63. Kh2 g3+ 64. Kg2 Kg4 65. Bd2 f4 66. Be1 f3+ 67. Kf1 Bg5 68. Kg1 Be3+ 69. Bf2 Bxf2+ 70. Kf1 Bxd4 71. cxd4 c3 0-1

[Event "Leipzig VfB op 16th"]
[Site "Leipzig"]
[Date "2009.04.02"]
[Round "4"]
[White "Goettert, Stefan"]
[Black "Riedel, Bert"]
[Result "1-0"]
[WhiteElo "2079"]
[BlackElo "1850"]
[PlyCount "72"]
[EventDate "2009.03.31"]
[EventType "swiss"]
[EventRounds "9"]
[EventCountry "GER"]
[SourceTitle "EXT 2010"]
[Source "ChessBase"]
[SourceDate "2010.11.25"]
[SourceVersion "1"]
[SourceVersionDate "2010.11.25"]
[SourceQuality "1"]

1. Nf3 d5 2. g3 Bg4 3. Bg2 Nd7 4. d3 c6 5. Nbd2 e5 6. h3 Be6 7. e4 d4 8. 0-0 g5 9. Nc4 Bxc4 10. dxc4 h6 11. Bd2 a5 12. c3 c5 13. b3 Bd6 14. Ne1 Qc7 15. Nd3 Ne7 16. cxd4 exd4 17. f4 gxf4 18. gxf4 f6 19. Qh5+ Kd8 20. Rae1 Nc6 21. a3 Ra6 22. Rb1 Kc8 23. Rfe1 Kb8 24. Kh1 Nd8 25. Rb2 Ne6 26. e5 fxe5 27. fxe5 Be7 28. Bd5 Bg5 29. Bxg5 Nxg5 30. h4 Qc8 31. Qg4 Nh7 32. b4 axb4 33. axb4 Nhf8 34. bxc5 Ra3 35. Rxb7+ Qxb7 36. Bxb7 Kxb7 1-0

[Event "Leipzig VfB op 15th"]
[Site "Leipzig"]
[Date "2008.03.02"]
[Round "9"]
[White "Goettert, Stefan"]
[Black "Dorst, Johannes"]
[Result "1/2-1/2"]
[WhiteElo "2062"]
[BlackElo "2221"]
[PlyCount "81"]
[EventDate "2008.02.26"]
[EventType "swiss"]
[EventRounds "9"]
[EventCountry "GER"]
[SourceTitle "CBM 123 Extra"]
[Source "ChessBase"]
[SourceDate "2008.05.06"]
[SourceVersion "1"]
[SourceVersionDate "2008.05.06"]
[SourceQuality "1"]

1. Nf3 d6 2. g3 e5 3. d3 f5 4. Bg2 Nf6 5. Nbd2 Be7 6. 0-0 0-0 7. e4 fxe4 8. dxe4 Bg4 9. h3 Bh5 10. a4 a5 11. Qe1 Nbd7 12. Nc4 b6 13. Nfd2 Nc5 14. b3 Bg6 15. Ba3 Kh8 16. Bxc5 bxc5 17. Ne3 Qc8 18. Kh2 Ra7 19. Rc1 Bd8 20. Nec4 Be8 21. Nb1 Qa6 22. f4 exf4 23. Rxf4 Bc6 24. Rd1 Ra8 25. Nc3 Re8 26. Qf2 Be7 27. e5 dxe5 28. Nxe5 Bxg2 29. Qxg2 Bd6 30. Nf7+ Kg8 31. Nxd6 cxd6 32. Nd5 Nxd5 33. Qxd5+ Kh8 34. Rdf1 h6 35. Rf7 Qe2+ 36. R1f2 Qe5 37. Qd3 Rad8 38. R7f5 Qe1 39. Rf7 Re4 40. Qf3 Rde8 41. Rf8+ 1/2-1/2

[Event "Leipzig VfB op 15th"]
[Site "Leipzig"]
[Date "2008.03.01"]
[Round "7"]
[White "Schmidt, Joerg"]
[Black "Goettert, Stefan"]
[Result "1-0"]
[WhiteElo "2117"]
[BlackElo "2062"]
[PlyCount "101"]
[EventDate "2008.02.26"]
[EventType "swiss"]
[EventRounds "9"]
[EventCountry "GER"]
[SourceTitle "CBM 123 Extra"]
[Source "ChessBase"]
[SourceDate "2008.05.06"]
[SourceVersion "1"]
[SourceVersionDate "2008.05.06"]
[SourceQuality "1"]

1. e4 e6 2. d4 d5 3. Nc3 Be7 4. e5 b6 5. Qg4 g6 6. Nf3 h5 7. Qg3 Nh6 8. Bxh6 Rxh6 9. h4 Ba6 10. Qf4 Rh8 11. Ng5 Bxg5 12. hxg5 Bxf1 13. Kxf1 Nc6 14. Ne2 Qe7 15. c4 0-0-0 16. c5 Kb7 17. Rh3 Na5 18. Rc1 c6 19. a4 Rc8 20. Nc3 bxc5 21. dxc5 Ka8 22. b4 Nc4 23. Ne4 Rb8 24. Rb3 Na5 25. Rbb1 dxe4 26. Qxe4 Rhd8 27. bxa5 Rxb1 28. Rxb1 Qxc5 29. a6 Rd4 30. Qf3 Qc4+ 31. Kg1 Rf4 32. Qa3 c5 33. Rc1 Qd4 34. Rf1 Kb8 35. g3 Re4 36. Qf3 Qxe5 37. Rb1+ Kc8 38. Qxf7 Re1+ 39. Rxe1 Qxe1+ 40. Kh2 Qe4 41. Qf8+ Kd7 42. Qxc5 Qa8 43. Qd4+ Kc7 44. a5 h4 45. gxh4 Qf8 46. Qxa7+ Kc6 47. Qb6+ Kd5 48. Qb3+ Kd4 49. Qe3+ Kd5 50. a7 e5 51. f3 1-0

[Event "Leipzig VfB op 15th"]
[Site "Leipzig"]
[Date "2008.02.29"]
[Round "6"]
[White "Goettert, Stefan"]
[Black "Lehmann, Karl Heinz"]
[Result "1/2-1/2"]
[WhiteElo "2062"]
[BlackElo "2175"]
[PlyCount "25"]
[EventDate "2008.02.26"]
[EventType "swiss"]
[EventRounds "9"]
[EventCountry "GER"]
[SourceTitle "CBM 123 Extra"]
[Source "ChessBase"]
[SourceDate "2008.05.06"]
[SourceVersion "1"]
[SourceVersionDate "2008.05.06"]
[SourceQuality "1"]

1. Nf3 c5 2. g3 Nc6 3. Bg2 g6 4. 0-0 Bg7 5. d3 e5 6. e4 Nge7 7. c3 d6 8. Nbd2 0-0 9. Nc4 h6 10. a4 Be6 11. Nfd2 d5 12. exd5 Bxd5 13. Ne4 1/2-1/2

[Event "Leipzig VfB op 15th"]
[Site "Leipzig"]
[Date "2008.02.28"]
[Round "3"]
[White "Pauscher, Wolfgang"]
[Black "Goettert, Stefan"]
[Result "1/2-1/2"]
[WhiteElo "1845"]
[BlackElo "2062"]
[PlyCount "103"]
[EventDate "2008.02.26"]
[EventType "swiss"]
[EventRounds "9"]
[EventCountry "GER"]
[SourceTitle "CBM 123 Extra"]
[Source "ChessBase"]
[SourceDate "2008.05.06"]
[SourceVersion "1"]
[SourceVersionDate "2008.05.06"]
[SourceQuality "1"]

1. e4 e6 2. d4 d5 3. Nc3 Be7 4. Bd3 Nc6 5. Nf3 dxe4 6. Nxe4 Nf6 7. 0-0 h6 8. c3 0-0 9. Re1 b6 10. Qe2 Nd5 11. a3 f5 12. Ng3 Bd6 13. Bb5 Nce7 14. Ne5 Bxe5 15. dxe5 c6 16. Bd3 Bd7 17. c4 Nc7 18. Nh5 Be8 19. Ng3 a5 20. Bd2 Bf7 21. Bc3 Qe8 22. Red1 Ng6 23. Bd2 Na6 24. b4 axb4 25. axb4 Qe7 26. Rdb1 Nc7 27. Nf1 Rxa1 28. Rxa1 Ra8 29. Rxa8+ Nxa8 30. g3 Qb7 31. Bc3 Ne7 32. Nd2 Nc7 33. Nb3 Qa7 34. Nd4 Qa3 35. Qb2 Qxb2 36. Bxb2 Be8 37. Ba3 Kf7 38. Be2 b5 39. cxb5 cxb5 40. Kf1 Ned5 41. Ke1 Ke7 42. Kd2 g5 43. h3 Bd7 44. Kc2 Kd8 45. Kb3 Kc8 46. Bc1 Kb7 47. f4 gxf4 48. Bxf4 Nxf4 49. gxf4 Bc6 50. Bh5 Bd5+ 51. Ka3 Kb6 52. h4 1/2-1/2

[Event "Leipzig VfB op 15th"]
[Site "Leipzig"]
[Date "2008.02.26"]
[Round "1"]
[White "Barshevich, Viktor"]
[Black "Goettert, Stefan"]
[Result "0-1"]
[WhiteElo "1680"]
[BlackElo "2062"]
[PlyCount "48"]
[EventDate "2008.02.26"]
[EventType "swiss"]
[EventRounds "9"]
[EventCountry "GER"]
[SourceTitle "CBM 123 Extra"]
[Source "ChessBase"]
[SourceDate "2008.05.06"]
[SourceVersion "1"]
[SourceVersionDate "2008.05.06"]
[SourceQuality "1"]

1. e4 e6 2. d4 d5 3. exd5 exd5 4. c4 Nf6 5. Bd3 Be7 6. Ne2 0-0 7. 0-0 Nc6 8. Nbc3 Nb4 9. Bf4 Nxd3 10. Qxd3 dxc4 11. Qxc4 c6 12. Qb3 b6 13. a4 Be6 14. Qc2 Qd7 15. Rac1 Rac8 16. b3 Rfe8 17. Qb2 Nh5 18. Be3 Bd6 19. Rcd1 h6 20. Kh1 Bg4 21. d5 c5 22. Rd2 f5 23. g3 Bf3+ 24. Kg1 f4 0-1

[Event "Bad Harzburg op"]
[Site "Bad Harzburg"]
[Date "2007.10.24"]
[Round "2"]
[White "Bach, Matthias"]
[Black "Goettert, Stefan"]
[Result "1-0"]
[WhiteElo "2276"]
[BlackElo "2089"]
[PlyCount "127"]
[EventDate "2007.10.23"]
[EventType "swiss"]
[EventRounds "7"]
[EventCountry "GER"]
[SourceTitle "EXT 2009"]
[Source "ChessBase"]
[SourceDate "2008.11.26"]
[SourceVersion "1"]
[SourceVersionDate "2008.11.26"]
[SourceQuality "1"]

1. d4 e6 2. c4 f5 3. g3 Nf6 4. Bg2 Be7 5. Nh3 0-0 6. 0-0 d6 7. f3 h6 8. Nf2 e5 9. Nc3 exd4 10. Qxd4 Nc6 11. Qd1 Be6 12. b3 Rb8 13. Nd5 Qd7 14. Bb2 Ne5 15. Nf4 Bf7 16. e4 g5 17. Nd5 Be6 18. f4 Neg4 19. Nxg4 Nxg4 20. h3 Nf6 21. fxg5 hxg5 22. exf5 Bxd5 23. Bxd5+ Kh7 24. Be6 Qe8 25. Qf3 Qh5 26. Qxh5+ Nxh5 27. Kg2 Rbd8 28. Rae1 Bf6 29. Bxf6 Nxf6 30. g4 c6 31. h4 Kh6 32. Kh3 Rde8 33. Rd1 Rd8 34. Rd4 Rfe8 35. h5 d5 36. cxd5 cxd5 37. Kg3 Re7 38. Rc1 b6 39. Kf3 Kg7 40. Rd2 Kh6 41. Rdc2 d4 42. Rc8 Rxc8 43. Rxc8 Kg7 44. Rc4 b5 45. Rxd4 Rc7 46. a4 a6 47. axb5 axb5 48. Rb4 Rc3+ 49. Ke2 Rg3 50. Rxb5 Nxg4 51. Rb7+ Kf6 52. b4 Ke5 53. b5 Ke4 54. Kd2 Rd3+ 55. Kc1 Rh3 56. Rc7 Rxh5 57. b6 Rh1+ 58. Kb2 Rh2+ 59. Ka3 Rh3+ 60. Ka4 Rh8 61. b7 Rb8 62. Rc4+ Kf3 63. Bd5+ Kg3 64. Rc8 1-0

[Event "Sachsen-ch Seniors"]
[Site "Dresden"]
[Date "2007.08.??"]
[Round "5"]
[White "Husser, Oskar"]
[Black "Goettert, Stefan"]
[Result "0-1"]
[WhiteElo "2019"]
[BlackElo "2097"]
[PlyCount "94"]
[EventDate "2007.07.28"]
[EventType "swiss"]
[EventRounds "9"]
[EventCountry "GER"]
[SourceTitle "EXT 2008"]
[Source "ChessBase"]
[SourceDate "2007.11.25"]
[SourceVersion "1"]
[SourceVersionDate "2007.11.25"]
[SourceQuality "1"]

1. Nf3 e6 2. c4 f5 3. g3 Nf6 4. Bg2 Be7 5. Nc3 0-0 6. 0-0 d6 7. d4 Qe8 8. Qc2 Qh5 9. e4 e5 10. dxe5 dxe5 11. exf5 Bxf5 12. Qb3 Bc8 13. Re1 Nc6 14. Nd5 Bd8 15. Bd2 Rb8 16. Bc3 Nd7 17. Qc2 Re8 18. b4 a6 19. a4 Na7 20. b5 c6 21. Nb4 a5 22. Nd3 Bc7 23. Re2 Nf6 24. Nfxe5 Bf5 25. Qb2 Bxd3 26. Re3 Bxe5 27. Bxe5 Rbd8 28. Qc3 Ng4 29. Rxd3 Rxd3 30. Qxd3 Qxe5 31. Rd1 Nf6 32. Bf3 Qc7 33. h4 Nc8 34. Qb3 Nb6 35. Kg2 c5 36. g4 Rd8 37. Re1 Re8 38. Rd1 Qf4 39. Qa3 Qxc4 40. Rd6 Nc8 41. Rd3 Qb4 42. Qc1 Nb6 43. g5 Nfd7 44. Kg3 Rf8 45. Qe3 Qb2 46. Qe6+ Kh8 47. Re3 Qd4 0-1

[Event "Niedersachsen-ch Seniors op 10th"]
[Site "Bad Bevensen"]
[Date "2007.07.09"]
[Round "7"]
[White "Nickel, Christian"]
[Black "Goettert, Stefan"]
[Result "0-1"]
[WhiteElo "1745"]
[BlackElo "1915"]
[PlyCount "104"]
[EventDate "2007.07.03"]
[EventType "swiss"]
[EventRounds "9"]
[EventCountry "GER"]
[SourceTitle "EXT 2022"]
[Source "ChessBase"]
[SourceDate "2021.10.06"]
[SourceVersion "1"]
[SourceVersionDate "2021.10.06"]
[SourceQuality "1"]

1. e4 e6 2. d4 d5 3. exd5 exd5 4. c4 Nf6 5. Nc3 Be7 6. c5 0-0 7. Bd3 b6 8. cxb6 axb6 9. Nge2 Ba6 10. 0-0 Bxd3 11. Qxd3 Re8 12. Bf4 c6 13. a3 c5 14. h3 Qd7 15. Rfd1 c4 16. Qf3 Qc6 17. Bg5 Nbd7 18. Nf4 Rac8 19. Bxf6 Nxf6 20. Nfxd5 Kh8 21. Nxe7 Qxf3 22. Ng6+ hxg6 23. gxf3 Red8 24. Ne4 Nd5 25. Nc3 Nf4 26. d5 Nxh3+ 27. Kg2 Nf4+ 28. Kg3 g5 29. a4 f5 30. a5 bxa5 31. Rxa5 Rd6 32. Rh1+ Kg8 33. Rb5 Kf7 34. Rb7+ Kg6 35. Rb5 Rcd8 36. Rc5 Nxd5 37. Nxd5 Rxd5 38. Rxc4 Rd2 39. b4 Rb2 40. Rc6+ Kf7 41. Rb6 Rdd2 42. Rc1 Rd7 43. b5 Rb3 44. Rbc6 g4 45. b6 Rxf3+ 46. Kg2 Rd2 47. Rf1 Rb3 48. Rc7+ Kg6 49. b7 Rdb2 50. Rd1 Rxb7 51. Rcd7 Rxd7 52. Rxd7 f4 0-1

[Event "Niedersachsen-ch Seniors op 10th"]
[Site "Bad Bevensen"]
[Date "2007.07.06"]
[Round "4"]
[White "Goettert, Stefan"]
[Black "Hadlich, Winfried"]
[Result "1/2-1/2"]
[WhiteElo "1915"]
[BlackElo "1795"]
[PlyCount "120"]
[EventDate "2007.07.03"]
[EventType "swiss"]
[EventRounds "9"]
[EventCountry "GER"]
[SourceTitle "EXT 2022"]
[Source "ChessBase"]
[SourceDate "2021.10.06"]
[SourceVersion "1"]
[SourceVersionDate "2021.10.06"]
[SourceQuality "1"]

1. Nf3 d5 2. g3 Nc6 3. Bg2 e5 4. d3 Be7 5. Nbd2 Nf6 6. e4 d4 7. 0-0 Be6 8. h3 h6 9. Ne1 Qd7 10. Kh2 g5 11. Nb3 0-0-0 12. c3 Ne8 13. cxd4 Nxd4 14. Nxd4 Qxd4 15. Qc2 Qc5 16. Qe2 Qb6 17. Nf3 f6 18. Be3 Bc5 19. Bxc5 Qxc5 20. Rfc1 Qd6 21. Ne1 h5 22. Rc3 Kb8 23. a3 h4 24. g4 Rh7 25. b4 Qb6 26. Nc2 Rd6 27. Qe3 Rhd7 28. Bf1 Qxe3 29. fxe3 Rd8 30. a4 Rc6 31. Rxc6 bxc6 32. Ra3 Bc8 33. Rc3 Rd6 34. Kg2 Ng7 35. Kf3 Ne6 36. Na3 c5 37. b5 a6 38. Nc4 Rd7 39. Be2 Ka7 40. Bd1 Bb7 41. Bb3 Ng7 42. Ke2 Ne8 43. Na5 axb5 44. Nxb7 Kxb7 45. Rxc5 Nd6 46. Bd5+ Kb6 47. Rc6+ Ka5 48. axb5 Kxb5 49. Kd2 Re7 50. Rc1 Kb6 51. Rc6+ Kb5 52. Kc3 Rd7 53. Kb3 Re7 54. Rc1 c5 55. Rf1 Ne8 56. Ra1 Nc7 57. Bc4+ Kb6 58. Rf1 Ne8 59. Bd5 Ra7 60. Rb1 Nd6 1/2-1/2

[Event "Muehlhaeusen op"]
[Site "Muehlhausen"]
[Date "2007.05.17"]
[Round "3.8"]
[White "Goettert, Stefan"]
[Black "Mehlhorn, Uwe"]
[Result "0-1"]
[WhiteElo "2152"]
[BlackElo "2150"]
[PlyCount "77"]
[EventDate "2007.05.16"]
[EventType "swiss"]
[EventRounds "7"]
[EventCountry "GER"]
[SourceTitle "CBM 118 Extra"]
[Source "ChessBase"]
[SourceDate "2007.07.04"]
[SourceVersion "1"]
[SourceVersionDate "2007.07.04"]
[SourceQuality "1"]

1. Nf3 g6 2. g3 Bg7 3. Bg2 e5 4. d3 d5 5. Nbd2 Nc6 6. 0-0 Nge7 7. e4 0-0 8. c3 Rb8 9. Re1 Re8 10. a4 d4 11. Nb3 Bg4 12. h3 Bxf3 13. Qxf3 a5 14. Qd1 b6 15. h4 Qd6 16. cxd4 Nxd4 17. Nxd4 Qxd4 18. Qc2 c5 19. Bd2 Qd7 20. Bc3 Nc6 21. Kh2 Rbd8 22. Rad1 Qc7 23. b3 Bh6 24. Bf3 Qe7 25. Kg2 Qe6 26. Rh1 Rd6 27. Be2 Rc8 28. Rb1 Bg7 29. Rhd1 Rf8 30. Qc1 Kh8 31. h5 f5 32. Rh1 f4 33. hxg6 Qxg6 34. g4 f3+ 35. Bxf3 Rxd3 36. Rh3 Qf7 37. Qh1 Rxf3 38. Rxh7+ Kg8 39. Be1 0-1

[Event "Leipzig VfB op 14th"]
[Site "Leipzig"]
[Date "2007.03.22"]
[Round "5"]
[White "Schroeter, Samuel"]
[Black "Goettert, Stefan"]
[Result "0-1"]
[WhiteElo "1768"]
[BlackElo "2113"]
[PlyCount "98"]
[EventDate "2007.03.20"]
[EventType "swiss"]
[EventRounds "9"]
[EventCountry "GER"]
[SourceTitle "EXT 2008"]
[Source "ChessBase"]
[SourceDate "2007.11.25"]
[SourceVersion "1"]
[SourceVersionDate "2007.11.25"]
[SourceQuality "1"]

1. e4 e6 2. d4 d5 3. exd5 exd5 4. Bd3 Nc6 5. Nf3 Bg4 6. c3 Bd6 7. 0-0 Nge7 8. Nbd2 Qd7 9. Re1 0-0-0 10. b4 f6 11. b5 Nb8 12. a4 Rde8 13. Ba3 Bxa3 14. Rxa3 g5 15. Nb3 Ng6 16. Re3 Rxe3 17. fxe3 Re8 18. h3 Qe7 19. Ra2 Qxe3+ 20. Rf2 Bd7 21. Bxg6 hxg6 22. Qd2 Bf5 23. Nc1 Nd7 24. Kf1 Qxd2 25. Nxd2 Kd8 26. Rf3 b6 27. c4 dxc4 28. Nxc4 Re4 29. Ne2 g4 30. Rc3 gxh3 31. gxh3 Nf8 32. d5 Bxh3+ 33. Kf2 Bg4 34. Ng3 Rd4 35. Ne3 Rxa4 36. Rc6 Rf4+ 37. Kg2 Bd7 38. Rc1 Bxb5 39. Rh1 a5 40. Rb1 Bd3 41. Rb3 Be4+ 42. Kg1 Nd7 43. Ne2 Rh4 44. Ng3 Nc5 45. Rb2 Rh3 46. Nef1 f5 47. d6 f4 48. dxc7+ Kxc7 49. Ne2 Rh1+ 0-1